02323agaaa2200325 45000010005000000030009000050050017000140070009000310080040000400400023000800410013001031000048001161300036001642450139002002500022003392600134003613000034004955080104005295110092006335200719007255380016014445460013014606500073014737000061015467000061016077000057016689420012017259990019017379520241017568493IT-RoPAU20220918181223.0d cvaizq50131s9999||||xx ||| | || ||und|| aIT-RoPAUcIT-RoPAU aITALIANO aAA.VV. gCodice regista SPICS: 12000936583 aDON MATTEO - 2A STAGIONE936584 aDON MATTEO - 2A STAGIONEcSceneggiatura: Aa.Vv -- Diretto da: AA.VV. pDON MATTEO - 2A STAGIONE (Rif. Codice opera principale : H8493) aEdizione Standard a(ITALIA)bRAI FICTION - LUX VIDE - RAI EDU / Distribuzione: MULTIMEDIA SAN PAOLOg"2006 (1° ed.: 2008 ; Ed. Lingua Orig.: 2006)" aDVDbsonoro, col.c800 minuti a"Fotografia: AA.VV; Montaggio: Aa.Vv.; Musica: AA.VV. ; Sceneggiatura: Aa.Vv; Scenografia: AA.VV; " a"Hill Terence; Frassica Nino; Insinna Flavio; Guetta Natalie; Scali Francesco; Miconi " a"TITOLO ORIGINALE DELLA SERIE IL DIAVOLO E L'ACQUA SANTA. DETECTIVE AL SERVIZIO DI DIO: QUESTO E' DON MATTEO, NON UN SACERDOTE QUALUNQUE MA UN EX MISSIONARIO DAL TALENTO UN PO' SPECIALE. INFATTI POSSIEDE UNO STRAORDINARIO INTUITO CHE, UNITO ALLA SUA PROFONDA CONOSCENZA DELL'ANIMO UMANO, FA SI CHE SIORIENTI CON SUCCESSO ANCHE NEI PIU' TORTUOSI MEANDRI DEL DELITTO.... EPISODI TRASMESSI DA RAI UNO. DVD 1 : LA MELA AVVELENATA; IL MARCHIO SULLA PELLE; CUORE DI GHIACCIO; IL MAGO. DVD 2: CINQUE ASTICI; UN UOMO ONESTO; IL TORPEDONE; UN PESO MASSIMO. DVD 3: MOSSA D'AZZARDO; MOGLIE E BUOI DEI PAESI TUOI; LA BANDA; IL MORSO DEL SERPENTE. DVD IV: SCHERZARE COL FUOCO; QUESTIONE DI FEGATO; FUORI GIOCO; LA CONFESSIONE." aPAL, STEREO aITALIANO aCOMMEDIA - THRILLeDVD-FILM [DVD]xCodice MATERIA SPICS: 9947936585 aAA.VV. e(regista/i)gCodice regista SPICS: 12000936583 aAA.VV. e(soggetto)gCodice Soggetto SPICS: 12000936586 aAA.VV. e(musica)gCodice Musica SPICS: 12000936587 cDV2ddc c104594d104594 0010406H_8493_00000000000000071aSPICSbSPICSd2015-01-31l0oH8493r2015-01-31 00:00:00w2015-01-31yDVzProgr. Ins.: 3758 / N.Vol.:4 / Copie: 1 / Pag.:0 / Copia rara: n.d. / date import: 1.2.2015 / By Epidotti, Trombetti, Vaglietti